|
|
|
|
| LEADER |
00000naa2a2200000 4500 |
| 001 |
611139 |
| 005 |
20231101132637.0 |
| 035 |
|
|
|a (RuTPU)RU\TPU\conf\8845
|
| 035 |
|
|
|a RU\TPU\conf\8844
|
| 090 |
|
|
|a 611139
|
| 100 |
|
|
|a 20150225d2014 k y0rusy50 ca
|
| 101 |
0 |
|
|a rus
|
| 102 |
|
|
|a RU
|
| 105 |
|
|
|a y z 101zy
|
| 135 |
|
|
|a drgn ---uucaa
|
| 181 |
|
0 |
|a i
|
| 182 |
|
0 |
|a b
|
| 200 |
1 |
|
|a Оценка влияния структурных характеристик гетерогенных строительных материалов по параметрам электрического отклика на ударное возбуждение
|f А. А. Демихова
|g науч. рук. Т. В. Фурса
|
| 203 |
|
|
|a Текст
|c электронный
|
| 225 |
1 |
|
|a Современные технологии в неразрушающем контроле
|
| 230 |
|
|
|a 1 компьютерный файл (pdf; 557 Kb)
|
| 300 |
|
|
|a Заглавие с титульного экрана
|
| 337 |
|
|
|a Adobe Reader
|
| 461 |
|
1 |
|0 (RuTPU)RU\TPU\conf\8514
|t Ресурсоэффективные системы в управлении и контроле: взгляд в будущее
|o сборник научных трудов III Международной конференции школьников, студентов, аспирантов, молодых ученых, 06 - 11 октября 2014 г.
|o в 4 ч.
|f Национальный исследовательский Томский политехнический университет (ТПУ)
|d 2014
|
| 463 |
|
0 |
|0 (RuTPU)RU\TPU\conf\8516
|t Ч. 1
|v [С. 68-70]
|d 2014
|
| 610 |
1 |
|
|a труды учёных ТПУ
|
| 610 |
1 |
|
|a электронный ресурс
|
| 610 |
1 |
|
|a структурные характеристики
|
| 610 |
1 |
|
|a гетерогенные материалы
|
| 610 |
1 |
|
|a строительные материалы
|
| 610 |
1 |
|
|a электрические отклики
|
| 610 |
1 |
|
|a ударное возбуждение
|
| 700 |
|
1 |
|a Демихова
|b А. А.
|c специалист в области неразрушающего контроля
|c инженер Томского политехнического университета
|f 1990-
|g Анна Александровна
|2 stltpush
|3 (RuTPU)RU\TPU\pers\33717
|
| 702 |
|
1 |
|a Фурса
|b Т. В.
|c специалист в области неразрушающего контроля
|c ведущий научный сотрудник Томского политехнического университета, доктор технических наук
|f 1951-
|g Татьяна Викторовна
|2 stltpush
|4 727
|
| 712 |
0 |
2 |
|a Национальный исследовательский Томский политехнический университет (ТПУ)
|b Институт неразрушающего контроля (ИНК)
|b Кафедра информационно-измерительной техники (ИИТ)
|h 67
|2 stltpush
|3 (RuTPU)RU\TPU\col\18718
|
| 801 |
|
2 |
|a RU
|b 63413507
|c 20150225
|g RCR
|
| 856 |
4 |
|
|u http://www.lib.tpu.ru/fulltext/c/2014/C47/V1/018.pdf
|
| 942 |
|
|
|c BK
|